00467nam a22001457a 4500040001600000082001600016100002900032245008900061250001200150260002200162300001300184942001200197999001900209952009300228 cFizza Ishaq a006.31bDIR aKroese, P. Dirk.9111772 aData Science & Machine Learning Mathematical & Statistical Method /cDirk P. Kroese. a1st ed. bCRC Press,c2020. a510 p. ; 2ddccBK c594448d594448 00102ddc4070aNQCbNQCd2023-04-10l0o006.31 DIRpQ-6294r2023-04-10w2023-04-10yBK